| 000 | 00444nam a2200181Ia 4500 | ||
|---|---|---|---|
| 008 | 230125s9999 xx 000 0 und d | ||
| 041 | _aeng | ||
| 082 |
_a330 _bICF |
||
| 100 | _aICFAI | ||
| 245 | _aEconomic legislation : Study Material | ||
| 250 | _a1st Ed. | ||
| 260 |
_bICFAI publication _aHyderabad |
||
| 300 | _a373p | ||
| 440 | _aICFAI | ||
| 500 | _aICFAI Series Book;Economic legislation | ||
| 650 | _aEconomics | ||
| 700 | _aICFAI | ||
| 999 |
_c93549 _d93549 |
||